| 000 | 00424nam a2200145Ia 4500 | ||
|---|---|---|---|
| 008 | 180921t1959 xxu||||| ||||o00| 0 eng d | ||
| 041 | _aeng | ||
| 245 | _aCeylon Sessional Papers : Report of The Commission on Marriage And Divorce Oct.1956-July,1959 | ||
| 260 | _c1959 | ||
| 300 | _ap.4-219, 28 cm | ||
| 500 |
_avol.ii _aSessional Paper xvi-1959 |
||
| 942 | _cBK | ||
| 999 |
_c45389 _d45389 |
||
| 003 | LK-CoDNM | ||
| 040 |
_aLK-CoDNM _dLK-CoDNM _eLK-CoDNM |
||